[Event "HUN-chT2 Barcza 0405"]
[Site "Hungary"]
[Date "2004.10.10"]
[Round "2"]
[White "Kuripla, Jozsef"]
[Black "Kiss, Laszlo"]
[Result "1/2-1/2"]
[WhiteElo "1695"]
[BlackElo "1808"]
[PlyCount "120"]
[EventDate "2004.09.26"]
[EventType "team"]
[EventRounds "11"]
[EventCountry "HUN"]
[SourceTitle "EXT 2009"]
[Source "ChessBase"]
[SourceDate "2008.11.26"]
[SourceVersion "1"]
[SourceVersionDate "2008.11.26"]
[SourceQuality "1"]
[WhiteTeam "Tiszavasvar"]
[BlackTeam "Hajduboszormeny II"]
[WhiteTeamCountry "HUN"]
[BlackTeamCountry "HUN"]

1. e4 a6 2. d4 b5 3. a3 Bb7 4. f3 e6 5. Bd3 Qh4+ 6. g3 Qd8 7. Ne2 Nf6 8. 0-0 c5 9. c3 Be7 10. Bg5 Qc7 11. Bxf6 gxf6 12. b4 c4 13. Bc2 d5 14. Nd2 e5 15. Qb1 Nd7 16. exd5 Bxd5 17. Bxh7 0-0-0 18. Be4 Nb6 19. f4 Bd6 20. Bxd5 Nxd5 21. Qe4 Qb7 22. fxe5 fxe5 23. dxe5 Be7 24. Rxf7 Bc5+ 25. bxc5 Qxf7 26. Rf1 Qh5 27. h4 Kb8 28. Rf5 Qh6 29. Nf3 Rhg8 30. e6 Ne7 31. Qe5+ Kc8 32. Rf7 Rd5 33. Qe4 Rg4 34. Qh7 Qe3+ 35. Kg2 Qxe2+ 36. Kh3 Qxe6 37. Rxe7 Rg7+ 38. Rxe6 Rxh7 39. Rxa6 Rxc5 40. Nd4 Kb7 41. Rf6 Re7 42. Rf3 Kb6 43. g4 Rd7 44. g5 Rh7 45. Kg4 Rc8 46. g6 Rg7 47. Rf6+ Ka5 48. h5 Rd7 49. Rf5 Rxd4+ 50. cxd4 c3 51. Rf1 Ka4 52. g7 c2 53. Rc1 Kxa3 54. h6 Kb2 55. h7 Kxc1 56. g8Q Rxg8+ 57. hxg8Q Kb2 58. d5 c1Q 59. Qg7+ Ka3 60. Qd4 Qc4 1/2-1/2

[Event "HUN-chT2 Barcza 0405"]
[Site "Hungary"]
[Date "2004.09.26"]
[Round "1"]
[White "Kuripla, Jozsef"]
[Black "Kubinka, Andras"]
[Result "1/2-1/2"]
[WhiteElo "1695"]
[BlackElo "2007"]
[PlyCount "37"]
[EventDate "2004.09.26"]
[EventType "team"]
[EventRounds "11"]
[EventCountry "HUN"]
[SourceTitle "EXT 2009"]
[Source "ChessBase"]
[SourceDate "2008.11.26"]
[SourceVersion "1"]
[SourceVersionDate "2008.11.26"]
[SourceQuality "1"]
[WhiteTeam "Tiszavasvar"]
[BlackTeam "Kazincbarcika"]
[WhiteTeamCountry "HUN"]
[BlackTeamCountry "HUN"]

1. e4 e6 2. d4 d5 3. e5 c5 4. Nf3 Nc6 5. Bb5 Bd7 6. Bxc6 Bxc6 7. Be3 c4 8. Nc3 Ne7 9. 0-0 Nf5 10. Bd2 b5 11. a3 Be7 12. b4 h6 13. Ne2 Bg5 14. Qc1 Bxd2 15. Qxd2 Qe7 16. Nc3 a6 17. Rfb1 0-0 18. a4 Rfc8 19. a5 1/2-1/2

[Event "HUN-chT2 Barcza 0304"]
[Site "Hungary"]
[Date "2004.04.04"]
[Round "10"]
[White "Kuripla, Jozsef"]
[Black "Szabo, Laszlo3333"]
[Result "0-1"]
[WhiteElo "1666"]
[BlackElo "1940"]
[PlyCount "58"]
[EventDate "2003.08.29"]
[EventType "team"]
[EventRounds "11"]
[EventCountry "HUN"]
[SourceTitle "EXT 2009"]
[Source "ChessBase"]
[SourceDate "2008.11.26"]
[SourceVersion "1"]
[SourceVersionDate "2008.11.26"]
[SourceQuality "1"]
[WhiteTeam "Tiszavasvar"]
[BlackTeam "Kazincbarcika"]
[WhiteTeamCountry "HUN"]
[BlackTeamCountry "HUN"]

1. e4 e5 2. Nf3 Nc6 3. Bb5 Bc5 4. Bxc6 dxc6 5. Nc3 Bg4 6. h3 Bh5 7. g4 Bg6 8. Nxe5 Qd4 9. Nd3 0-0-0 10. Nxc5 Qxc5 11. 0-0 h5 12. d3 hxg4 13. hxg4 Qe7 14. g5 Bh5 15. f3 Qe5 16. Qe2 Ne7 17. Qf2 Kb8 18. f4 Qd6 19. Be3 a6 20. Ne2 f6 21. Bc5 Qd7 22. Bxe7 Qxe7 23. g6 Bxg6 24. f5 Bf7 25. b3 g6 26. Ng3 gxf5 27. exf5 Rdg8 28. Rae1 Qd6 29. Qf4 Rxg3+ 0-1